00653nam a22002057a 450000500170000001000130001702000230003003500130005303700160006604000120008208200170009410000190011124501090013026000470023927000470028630000390033365000270037265000270039970000210042620170124110250.0 aB-106246 c525.00a8120321731 aB-106246 bCen Lib/Ret aDPLbEN a72658.5bHAN aHanna, Mark D. aIntegrated operations management : cby Mark D.Hanna [and] W.Rocky Newman badding value for customers / aNew DelhibPrentice Hall of India c2001 bNew DelhiaM-97, Connaught Circus e110001 avarious pagings :c25cm(pbk)bill. aIndustrial management. aProduction management. aNewman, W.Rocky